យក្សក្បាលឆ្មា : (Record no. 8320)
[ view plain ]
| 000 -LEADER | |
|---|---|
| fixed length control field | 01756nam a22002897a 4500 |
| 001 - CONTROL NUMBER | |
| control field | 8320 |
| 003 - CONTROL NUMBER IDENTIFIER | |
| control field | FISKH |
| 005 - DATE AND TIME OF LATEST TRANSACTION | |
| control field | 20250909091937.0 |
| 008 - FIXED-LENGTH DATA ELEMENTS--GENERAL INFORMATION | |
| fixed length control field | 250909b cb ||||| |||| 00| 0 eng d |
| 020 ## - INTERNATIONAL STANDARD BOOK NUMBER | |
| International Standard Book Number | 9789996301926 |
| 040 ## - CATALOGING SOURCE | |
| Original cataloging agency | FISKH |
| Language of cataloging | khr |
| Transcribing agency | FISKH |
| Modifying agency | FISKH |
| 050 ## - LIBRARY OF CONGRESS CALL NUMBER | |
| Classification number | PZ7 |
| 082 ## - DEWEY DECIMAL CLASSIFICATION NUMBER | |
| Classification number | 398.2 |
| 100 ## - MAIN ENTRY--PERSONAL NAME | |
| Personal name | Pisey, Pol |
| 245 ## - TITLE STATEMENT | |
| Title | យក្សក្បាលឆ្មា : |
| Remainder of title | Cat-headed giant / |
| 260 ## - PUBLICATION, DISTRIBUTION, ETC. | |
| Place of publication, distribution, etc. | Phnom Penh : |
| Name of publisher, distributor, etc. | Reading Books, |
| Date of publication, distribution, etc. | 2013. |
| 300 ## - PHYSICAL DESCRIPTION | |
| Extent | 20 pages : |
| Other physical details | color illustrations ; |
| Dimensions | 25 cm |
| 505 ## - FORMATTED CONTENTS NOTE | |
| Formatted contents note | L<br/> |
| 520 ## - SUMMARY, ETC. | |
| Summary, etc. | យក្សក្បាលឆ្មា ជារឿងព្រេងប្រជាប្រិយកម្ពុជា អំពីយក្សមួយដែលមានក្បាលឆ្មា ហើយវាបំផ្លាញភូមិ។ ប្រជាជននៅក្នុងភូមិភ័យខ្លាច រហូតដល់មានវីរបុរសម្នាក់ប្រើប្រាស់ប្រាជ្ញា និងយុទ្ធវិធីដើម្បីឈ្នះយក្ស។ តាមរយៈកម្លាំងចិត្តហ្មត់ និងសហការគ្នា ប្រជាជនបានទទួលជ័យជំនះលើយក្ស។ |
| 520 ## - SUMMARY, ETC. | |
| Summary, etc. | Cat-Headed Giant is a Cambodian folktale about a fearsome giant with the head of a cat who terrorizes a village. The villagers live in fear until a clever hero comes up with a plan to defeat the giant. Through bravery, wit, and cooperation, the villagers are able to overcome the monster. |
| 521 8# - TARGET AUDIENCE NOTE | |
| Target audience note | 510<br/><br/> |
| Source | Lexile estimate<br/> |
| 521 8# - TARGET AUDIENCE NOTE | |
| Target audience note | L<br/> |
| Source | Raz-Plus<br/> |
| 650 ## - SUBJECT ADDED ENTRY--TOPICAL TERM | |
| Topical term or geographic name entry element | យក្ស |
| 650 ## - SUBJECT ADDED ENTRY--TOPICAL TERM | |
| Topical term or geographic name entry element | Giant |
| 942 ## - ADDED ENTRY ELEMENTS (KOHA) | |
| Source of classification or shelving scheme | Dewey Decimal Classification |
| Koha item type | Khmer Books |
| Suppress in OPAC | No |
| Withdrawn status | Lost status | Source of classification or shelving scheme | Damaged status | Not for loan | Collection | Home library | Current library | Shelving location | Date acquired | Total Checkouts | Full call number | Barcode | Date last seen | Copy number | Price effective from | Koha item type | Date due | Date last checked out |
|---|---|---|---|---|---|---|---|---|---|---|---|---|---|---|---|---|---|---|
| Dewey Decimal Classification | Khmer-English Bilingual / ភាសាខ្មែរ-អង់គ្លេស | Footprints International School Library Network Toul Kork Campus | Footprints International School Library Network Toul Kork Campus | TK Old Khmer Books (Rear Hallway Shelf 3) | 09/09/2025 | PIS 398.2 PZ7 | FISTK04593 | 09/09/2025 | 1 | 09/09/2025 | Khmer Books | |||||||
| Dewey Decimal Classification | Khmer-English Bilingual / ភាសាខ្មែរ-អង់គ្លេស | Footprints International School Library Network Toul Tom Poung Campus | Footprints International School Library Network Toul Tom Poung Campus | TTP Primary Khmer Bookshelves | 10/03/2025 | PIS 398.2 PZ7 | FIS05025 | 10/03/2025 | 2 | 10/03/2025 | Khmer Books | |||||||
| Dewey Decimal Classification | Khmer-English Bilingual / ភាសាខ្មែរ-អង់គ្លេស | Footprints International School Library Network Toul Tom Poung Campus | Footprints International School Library Network Toul Tom Poung Campus | TTP Primary Khmer Bookshelves | 10/23/2025 | PIS 398.2 PZ7 | 2025-4717 | 10/23/2025 | 3 | 10/23/2025 | Khmer Books | |||||||
| Dewey Decimal Classification | Khmer-English Bilingual / ភាសាខ្មែរ-អង់គ្លេស | Footprints International School Library Network Toul Tom Poung Campus | Footprints International School Library Network Toul Tom Poung Campus | TTP Primary Khmer Bookshelves | 10/23/2025 | 1 | PIS 398.2 PZ7 | FIS05027 | 04/03/2026 | 4 | 10/23/2025 | Khmer Books | 04/17/2026 | 04/03/2026 | ||||
| Dewey Decimal Classification | Khmer-English Bilingual / ភាសាខ្មែរ-អង់គ្លេស | Footprints International School Library Network Toul Tom Poung Campus | Footprints International School Library Network Toul Tom Poung Campus | TTP Primary Khmer Bookshelves | 10/23/2025 | PIS 398.2 PZ7 | FISBK04153 | 10/23/2025 | 5 | 10/23/2025 | Khmer Books | |||||||
| Dewey Decimal Classification | Khmer-English Bilingual / ភាសាខ្មែរ-អង់គ្លេស | Footprints International School Library Network Toul Tom Poung Campus | Footprints International School Library Network Toul Tom Poung Campus | TTP Primary Khmer Bookshelves | 11/27/2025 | PIS 398.2 PZ7 | 2025-4970 | 11/27/2025 | 6 | 11/27/2025 | Khmer Books |
